000 00776cam a22002538i 4500
001 18876476
005 20180306043712.0
008 151201s2017 nyu b 001 0 eng
010 _a 2015044578
020 _a9780393265293 (pbk.)
040 _aDLC
_beng
_cDLC
_erda
041 _aeng
042 _apcc
080 _a808.0427 LUN
082 0 0 _a808.0427 LUN
_223
100 1 _a25
101 _aEDU
245 1 0 _aEveryone's an author with readings /
_cAndrea Lunsford ; Michal Brody ; Lisa Ede ; Beverly J. Moss ; Carole Clark Papper ; Keith Walters.
263 _a1704
504 _aIncludes bibliographical references and index.
906 _a7
_bcbc
_corignew
_d1
_eecip
_f20
_gy-gencatlg
942 _2ddc
_cBK
999 _c44148
_d44148